National Anthem of Austria - Bundeshymne der Republik Österreich - Statistics

General Stats
  • This quiz has been taken 8 times
  • The average score is 21 of 30
Answer Stats
Lyrics % Correct
Berge,
100%
der
100%
der
100%
der
100%
der
100%
Land
100%
Land
100%
Land
100%
Land
100%
Land
100%
Äcker,
71%
am
71%
Dome,
71%
Strome,
71%
Hämmer,
57%
Österreich!
57%
Österreich!
57%
Söhne
57%
Töchter
57%
zukunftsreich!
57%
begnadet
43%
das
43%
für
43%
großer
43%
Heimat
43%
Schöne,
43%
und
43%
Vielgerühmtes
43%
Vielgerühmtes
43%
Volk,
43%
No matching quizzes found
Score Distribution
Percent of People with Each Score
Percentile by Number Answered
Your Score History
You have not taken this quiz